Deutsche Universitäten mit den meisten Studenten - Statistiken

Allgemein
  • Dieses Quiz wurde 605 mal gespielt
  • Das Durchschnittsergebnis liegt bei 18 aus 20
Antwortstatistiken
Bundesland Studenten Universität % Korrekt
Bayern 51.007 Ludwigs-Maximilians-Universität München
99%
Berlin 41.548 Freie Universität Berlin
98%
Berlin 34.224 Technische Universität Berlin
97%
Bayern 47.751 Technische Universität München
97%
Nordrhein-Westfalen 52.130 Universität zu Köln
97%
Berlin 40.332 Humboldt-Universität zu Berlin
96%
Hamburg 43.103 Universität Hamburg
96%
Nordrhein-Westfalen 33.943 Heinrich-Heine-Universität Düsseldorf
94%
Hessen 43.461 Johann Wofgang Goethe-Universität Frankfurt am Main
93%
Sachsen 29.579 Universität Leipzig
92%
Nordrhein-Westfalen 32.228 Technische Universität Dortmund
91%
Niedersachsen 28.935 Gottfried Wilhelm Leibniz Universität Hannover
90%
Rheinland-Pfalz 30.564 Johannes Gutenberg-Universität Mainz
88%
Nordrhein-Westfalen 41.421 Universität Duisburg-Essen
88%
Bayern 37.728 Friedrich-Alexander-Universität Erlangen-Nürnberg
87%
Nordrhein-Westfalen 36.805 Rheinische Friedrich-Wilhelms-Universität Bonn
84%
Nordrhein-Westfalen 47.511 Rheinisch-Westfälische Technische Hochschule Aachen
82%
Nordrhein-Westfalen 42.089 Ruhr-Universität Bochum
82%
Nordrhein-Westfalen 43.728 Westfälische Wilhelms-Universität Münster
81%
Nordrhein-Westfalen 67.689 FernUniversität in Hagen
47%
Keine übereinstimmenden Quizze gefunden
Verteilung der Resultate
Anzahl Personen mit jedem Resultat
Perzentil nach korrekt beantworteten Fragen
Ihre Resultats-Entwicklung
Sie haben dieses Quiz noch nicht gespielt